000 00928nam a2200277 4500
001 0000021380
003 CO-CtgCURN
005 20260211001804.0
008 160627s2004 000 0 eng d
020 _a9586168352
040 _aCO-CtgCURN
_bspa
_ccoctgcurn
082 0 _a347.092
_bP373p
100 1 _aPérez Pinzon, Alvaro Orlando.
245 1 4 _aLos principios generales del proceso penal /
_cAlvaro Orlando Pérez Pinzon.
260 _aBogotá :
_bUniversidad Externado de Colombia,
_c2004.
300 _a117 p.
336 _2rdacontent
337 _2rdamedia
_asin mediacion
_bn
338 _2rdacarrier
_avolumen
_bnc
504 _aBibliografia (p. 105-117)
505 8 _aEl concepto de principio.--Los principios del proceso penal
650 0 _aProcedimiento penal.
908 _a160627
942 _cBK
_h347.092
_iP373p
_2ddc
_n0
999 _c19753
_d19753